Návrh výmenníka tepla typu „disc and donut“

Na minha lista:
Detalhes bibliográficos
Autor principal: Ižold, Michal (Author)
Outros Autores: Mlynár, Peter (Thesis advisor)
Formato: Manuscrito Livro
Idioma:eslovaco
Publicado em: 2021
Assuntos:
Acesso em linha:http://is.stuba.sk/zp/portal_zp.pl?podrobnosti=156051
Tags: Adicionar Tag
Sem tags, seja o primeiro a adicionar uma tag!

MARC

LEADER 00000ntm a22000003a 4500
001 stuzp84241
003 SK-STU
005 20210612212822.0
007 ta
008 150427s2015----xo-----f-mn---000-0-slo-d
040 |a STU  |b slo 
041 0 |a slo 
100 1 |a Ižold, Michal  |u 020060  |k Z4  |4 aut  |U SjF Strojnícka fakulta  |T SjF Ústav energetických strojov a zariadení  |X 87464  |U J0060  |Y 805  |7 87464 
242 0 1 |a Design of "disc and donut" type heat exchanger  |y eng 
245 1 0 |a Návrh výmenníka tepla typu „disc and donut“ 
260 |c 2021 
650 4 |a koeficient prestupu tepla  |2 slo 
650 4 |a CFD simulácia  |2 slo 
650 4 |a výmenník tepla  |2 slo 
650 4 |a y+  |2 slo 
650 4 |a heat exchanger  |2 eng 
650 4 |a heat transfer coefficient  |2 eng 
650 4 |a CFD simulation  |2 eng 
650 4 |a y+  |2 eng 
700 1 |a Mlynár, Peter  |u 020060  |k Z1  |4 ths  |U SjF Strojnícka fakulta  |T SjF Ústav energetických strojov a zariadení  |X 13110  |U J0060  |Y 805  |7 A000013110 
856 4 |u http://is.stuba.sk/zp/portal_zp.pl?podrobnosti=156051